<?xml version="1.0" encoding="UTF-8"?>
<record
    xmlns:xsi="http://www.w3.org/2001/XMLSchema-instance"
    xsi:schemaLocation="http://www.loc.gov/MARC21/slim http://www.loc.gov/standards/marcxml/schema/MARC21slim.xsd"
    xmlns="http://www.loc.gov/MARC21/slim">

  <leader>02554nam a22003377u 4500</leader>
  <controlfield tag="001">pwiiw7090</controlfield>
  <controlfield tag="003">OSt</controlfield>
  <controlfield tag="005">20260516120037.0</controlfield>
  <controlfield tag="008">241210t2024    au ||||| |||| 00| ||eng d</controlfield>
  <datafield tag="040" ind1=" " ind2=" ">
    <subfield code="c">OSt</subfield>
  </datafield>
  <datafield tag="041" ind1=" " ind2=" ">
    <subfield code="a">eng</subfield>
  </datafield>
  <datafield tag="084" ind1=" " ind2=" ">
    <subfield code="a">H3</subfield>
    <subfield code="a">H5</subfield>
    <subfield code="a">H6</subfield>
    <subfield code="a">O52</subfield>
    <subfield code="a">O11</subfield>
    <subfield code="2">jelc</subfield>
  </datafield>
  <datafield tag="100" ind1="1" ind2=" ">
    <subfield code="a">Bogdan, Tetiana</subfield>
  </datafield>
  <datafield tag="245" ind1="1" ind2="0">
    <subfield code="a">Ukraine&#x2019;s fiscal developments and needs for economic recovery, reconstruction and European integration</subfield>
  </datafield>
  <datafield tag="260" ind1=" " ind2=" ">
    <subfield code="a">Wien :</subfield>
    <subfield code="b">Wiener Institut f&#xFC;r Internationale Wirtschaftsvergleiche (wiiw),</subfield>
    <subfield code="c">2024.</subfield>
  </datafield>
  <datafield tag="300" ind1=" " ind2=" ">
    <subfield code="a">73 S., </subfield>
    <subfield code="b">8 Tables and 11 Figures,</subfield>
    <subfield code="c">30cm.</subfield>
  </datafield>
  <datafield tag="490" ind1="1" ind2=" ">
    <subfield code="a">wiiw Policy Notes and Reports</subfield>
    <subfield code="v">88</subfield>
  </datafield>
  <datafield tag="520" ind1=" " ind2=" ">
    <subfield code="a">This policy report makes an up-to-date assessment of Ukraine&#x2019;s fiscal situation and locates the analysis in the longer-term context of the needs to keep the state viable in the current war situation, but also to deal with the challenges of reconstruction after the war and on its path towards EU accession. It studies in detail the structure and evolution of Ukraine&#x2019;s budget revenue in a time of war and reveals social and economic needs of a war-torn country in the areas of social protection, housing recovery, health care and education reforms, transport infrastructure, energy sector, industry and agriculture. It outlines the necessity to increase public revenue and considers different tax policy initiatives for funding reconstruction program and restoring fiscal sustainability. The study elaborates a methodology for assessment and medium-term projections of consolidated budget expenditure, which are required for meeting Ukraine&#x2019;s recovery and reconstruction needs.&#xA0; It also provides budget deficit projections and gross financing needs assessments over the period 2024-2028. It shows the substantial foreign financing gaps for 2025-2026 and following years and analyses in details the external and, especially, EU financial support pledged to Ukraine. Finally, it discusses the staged EU accession model in the context of addressing reconstruction challenges and Ukraine&#x2019;s progressing on the path to EU membership.
</subfield>
  </datafield>
  <datafield tag="650" ind1=" " ind2=" ">
    <subfield code="a">Ukraine&#x2019;s economic reconstruction</subfield>
  </datafield>
  <datafield tag="650" ind1=" " ind2=" ">
    <subfield code="a">Ukraine&#x2019;s fiscal situation</subfield>
  </datafield>
  <datafield tag="650" ind1=" " ind2=" ">
    <subfield code="a">Ukraine&#x2019;s external financing needs</subfield>
  </datafield>
  <datafield tag="650" ind1=" " ind2=" ">
    <subfield code="a">EU staged accession model</subfield>
  </datafield>
  <datafield tag="651" ind1=" " ind2=" ">
    <subfield code="a">European Union</subfield>
  </datafield>
  <datafield tag="651" ind1=" " ind2=" ">
    <subfield code="a">Ukraine</subfield>
  </datafield>
  <datafield tag="651" ind1=" " ind2=" ">
    <subfield code="a">Wider Europe</subfield>
  </datafield>
  <datafield tag="690" ind1=" " ind2=" ">
    <subfield code="a">Macroeconomic Analysis and Policy</subfield>
  </datafield>
  <datafield tag="690" ind1=" " ind2=" ">
    <subfield code="a">Sectoral studies</subfield>
  </datafield>
  <datafield tag="830" ind1=" " ind2="0">
    <subfield code="v">88</subfield>
    <subfield code="w">WIIW0000092</subfield>
    <subfield code="t">wiiw Policy Notes and Reports</subfield>
  </datafield>
  <datafield tag="856" ind1="4" ind2="0">
    <subfield code="u">https://wiiw.ac.at/p-7090.html</subfield>
  </datafield>
  <datafield tag="942" ind1=" " ind2=" ">
    <subfield code="c">P</subfield>
  </datafield>
  <datafield tag="999" ind1=" " ind2=" ">
    <subfield code="c">9117</subfield>
    <subfield code="d">9117</subfield>
  </datafield>
  <datafield tag="952" ind1=" " ind2=" ">
    <subfield code="0">0</subfield>
    <subfield code="1">0</subfield>
    <subfield code="4">0</subfield>
    <subfield code="7">0</subfield>
    <subfield code="a">BIB</subfield>
    <subfield code="b">BIB</subfield>
    <subfield code="c">1</subfield>
    <subfield code="d">2024-12-10</subfield>
    <subfield code="i">pwiiw7090</subfield>
    <subfield code="l">0</subfield>
    <subfield code="o">88</subfield>
    <subfield code="p">1000010007090</subfield>
    <subfield code="r">2024-12-10 00:00:00</subfield>
    <subfield code="w">2025-04-07</subfield>
    <subfield code="y">P</subfield>
  </datafield>
</record>
